000 01373cam a2200301 a 4500
001 000007739
005 20200929154300.0
008 841212m19801982sp a b 100 0 spa
010 _a80152727
020 _a8400046234 (v. 1)
020 _a8400050096 (v. 2)
035 _a(DLC) 80152727
040 _aDO-SdBNP
_cDLC
_dDLC
_dBNPHU
082 _a923.14655
_bA659e
111 2 _aCongreso de Historia de la Corona de Aragón
_n(10th :
_d1979 :
_cZaragoza, Spain)
_921425
245 1 0 _aJaime I y su época :
_b[comunicaciones] : X Congreso de Historia de la Corona de Aragón.
260 _aZaragoza :
_bInstitucion Fernando el Católico,
_c[1980-1982?].
300 _a2 v. :
_bill. ;
_c24 cm.
490 1 _aPublicación de la Institución "Fernando el Catolico" ;
_vnúm. 746
500 _aCatalan, English, French, Italian, and Spanish.
504 _aIncluye referencias bibliográficas
505 0 _a[1.] Expansión político-militar, ordenamiento interior, relaciones exteriores -- [2.] Economía y sociedad, mundo cultural, historiografía y fuentes.
600 0 4 _aJAIME
_bI
_cREY DE ARAGÓN,
_d1208-1276
_xCONGRESO
_921426
650 4 _aGobernadores
_921427
651 4 _aAragón (España{Rpara}
_xHistoria
_yJAIME I, 1213-1276
_921428
830 0 _aPublicación ... de la Institución "Fernando el Catolico" ;
_nnúm. 746
_921429
910 _aCatalogación derivada / LC
999 _c7517
_d7517